Films avec Thierry Lhermitte par image - Statistiques

Statistiques générales
  • Ce quiz a été pris 326 fois
  • Le résultat moyen est 6 sur 16
Statistiques - réponses
Par images Réponse % Correct
Les Bronzés font du ski
100%
Le Dîner de cons
99%
Le Père Noël est une ordure
87%
Un Indien dans la ville
78%
Papy fait de la résistance
63%
Les Ripoux
52%
Le Placard
30%
Quai d'Orsay
21%
Joyeuse retraite !
20%
La Finale
9%
Le Zèbre
9%
L'Invité
8%
Vous n'aurez pas l'Alsace et la Lorraine
8%
Alors on danse
4%
La Nouvelle Vie de Paul Sneijder
4%
Les Secrets professionnels du Dr Apfelglück
4%
Aucun quiz correspondant
Distribution des résultats
% des personnes avec chaque résultat
Percentile par nombre de réponses
Votre historique - résultats
Vous n’avez pas pris ce quiz